Bylinář zdraví, krása a radost

Bibliographic Details
Main Author: Bremness, Lesley (Author)
Format: Book
Language:Czech
PhysicalDescription:286 s. 30 cm
Published: Praha Fortuna Print 1997
ISBN:8085873710
Subjects:

MARC

LEADER 00000nam a2200000 a 4500
001 vtls001288818
003 SK-MaSNL
005 20260301064904.0
008 240315s1997 xr ae y cze
020 |a 8085873710  |c b.c. 
035 |a SNK000240433 
035 |a urn:nbn:sk:snk-amthmu 
035 |a urn:nbn:sk:snk-am00c4qk 
035 |a 5B9077D1-769B-4177-B3DE-38F0813BD329 
040 |a SNK  |b slo  |c SNK  |e AACR2 
041 0 |a cze 
044 |a CZ 
080 |a 633.88(084.12)  |2 1981 
100 1 |a Bremness, Lesley  |4 aut  |9 43034 
245 1 |a Bylinář  |b zdraví, krása a radost  |c Lesley Bremnessová ; [z anglického originálu přeložili Václav Větvička, Aida Brumovská, Olga Kratochvílová] 
260 |a Praha  |b Fortuna Print  |c 1997  |e [Martin  |f Neografia] 
300 |a 286 s.  |c 30 cm 
650 0 7 |a rastliny liečivé  |x pestovanie  |x využitie  |x state a fotografie  |2 SNK  |9 382831 
919 |a 80-85873-71-0 
958 |a OND 
999 |c 628613  |d 630543 
952 |t P60, <03>, [BOOK], {603}  |a SNK  |b SNK  |y PREZ  |7 0  |p 17A0069505  |o snkSB 57030  |i snkKSP 5694/97  |0 0  |1 0  |4 0  |d 1997-06-06  |f 1  |l 0  |r 2025-04-09 00:00:00  |w 2026-02-23